Statistics for Monster Jam Every Truck To Compete At World Finals

Click here to take the quiz!

General Stats

  • This quiz has been taken 35 times
  • The average score is 46 of 116

Answer Stats

DriverMonster Jam Truck% Correct
Adam Anderson,
Brandon Vinson,
Charlie Pauken,
Cole Venard,
Colton Eichelberger,
Dennis Anderson,
Krysten Anderson,
Morgan Kane,
Pablo Huffaker,
Randy Brown,
Tyler Menninga,
Weston Anderson
Grave Digger
90%
Blake Granger,
Colton Eichelberger,
Jared Eichberger,
Morgan Kane,
Neil Elliott,
Tom Meents
Maximum Destruction
80%
Jim KoehlerAvenger
75%
Armando Castro,
Becky McDonough,
Kayla Blood,
Lupe Soza,
Marc McDonald,
Mark List
El Toro Loco
70%
Bobby Z,
Charlie Pauken,
Cynthia Gauthier,
Dustin Brown,
Todd Frolik
Monster Mutt
70%
Camden MurphyBakugan Dragonoid
65%
BJ Johnson,
Bryce Kenny,
George Balhan
Mohawk Warrior
65%
Bailey Shea,
Brianna Mahon,
Linsey Read,
Nicole Johnson,
Steven Sims
Scooby-Doo!
65%
Chad FortuneSoldier Fortune
65%
Dalton Millican,
Linsey Weenk,
Lyle Hancock,
Matt Cody,
Pablo Huffaker,
Todd LeDuc,
Tony Farrell,
Tyler Menninga
Blue Thunder
60%
Alex Blackwell,
Pablo Huffaker
Captain's Curse
60%
Tristan EnglandEarthShaker
60%
Coty Saucier,
Damon Bradshaw,
Todd LeDuc
Monster Energy
60%
Coty Saucier,
Todd LeDuc
Mutant Super Soda
60%
Ryan AndersonSon-Uva Digger
60%
Coty Saucier,
Jon Zimmer,
Scott Liddycoat
Dragon
55%
Adam AndersonGrave Digger The Legend
55%
Linsey WeenkLucas Oil Crusader
55%
Alex Blackwell,
Cory Rummell,
Justin Sipes
Megalodon
55%
Cam McQueenNorthern Nightmare
55%
Morgan Kane,
Steve Sims
Stone Crusher
55%
Carl Van Horn,
Jason Childress,
John Seasock,
Norman Miller
Batman
50%
Carl Van Horn,
Pablo Huffaker
Blacksmith
50%
Austin Minton,
Jimmy Creten
Bounty Hunter
50%
Heavy DBroDozer
50%
Tom MeentsGoldberg
50%
Scott HartsockGunslinger
50%
Brianna Mahon
Madusa
Madusa
50%
Candice Jolly,
Chad Tingler,
Cynthia Gauthier,
Kaylyn Migues,
Taryn Laskey
Monster Mutt Dalmatian
50%
Brad Allen,
Rod Schmidt
Monster Mutt Rottweiler
50%
Camden Murphy,
Cory Rummell,
Steven Sims
Pirate's Curse
50%
Allen PezoPredator
50%
Chad Fortune,
Jon Zimmer
Superman
50%
Adam Anderson,
Chad Tingler
Taz
50%
Ami Houde,
Bari Musawwir,
Sean Duhon,
Tyler Groth
Zombie
50%
Bernard Lyght,
Chad Tingler
Alien Invasion
45%
John GordonBad Company
45%
Chris BergeronBrutus
45%
Eldon DePew,
Guy Wood
Bulldozer
45%
Eldon DePew,
Neil Elliott,
Phil Foster
Hot Wheels
45%
Lee O'Donnell,
Morgan Kane,
Scott Buetow
Iron Man
45%
Matt Buyten,
Todd LeDuc
Metal Mulisha
45%
Mike Vaters IIOverkill Evolution
45%
Dawn CretenScarlet Bandit
45%
Tony OchsSoldier Fortune Black Ops
45%
Neil Elliott,
Scott Buetow
Team Hot Wheels Firestorm
45%
Tom MeentsTeam Meents
45%
Donald EpidendioTitan
45%
Lee O'DonnellVP Racing Fuels' The Mad Scientist
45%
Alex Blackwell,
Brian Barthel,
Dustin Brown,
Pablo Huffaker
Wolverine
45%
Frank Krmel,
John Seasock,
Lupe Soza,
Nicole Johnson
Advance Auto Parts Grinder
40%
Michael VatersBlack Stallion
40%
Chad FortuneCaptain America
40%
Frank KrmelDonkey Kong
40%
Steven SimsHooked
40%
Kreg Christensen,
Linsey Weenk
Iron Outlaw
40%
Matt PagliaruloJester
40%
David Smith,
Scott Stephens
King Krunch
40%
Dave PezoProwler
40%
Joey Parnell,
Pablo Huffaker,
Paul Cohen,
Randy Brown
Teenage Mutant Ninja Turtles
40%
Cole VenardThe Black Pearl
40%
Dan EvansThe Destroyer
40%
Damon Bradshaw,
Paul Cohen
U.S. Air Force Afterburner
40%
Jeremy SlifkoBackdraft
35%
Pablo HuffakerDoom's Day
35%
BJ JohnsonGas Monkey Garage
35%
Nick PagliaruloKraken
35%
Jamey GarnerOver Bored
35%
Cam McQueen,
Chad Tingler,
Courtney Jolly,
Paul Cohen
Pastrana 199
35%
Cory RummellRage
35%
Bari Musawwir,
Bobby Z,
Chad Tingler,
Gary Porter
Spider-Man
35%
Sky Hartley,
Tony Farrell
Sting
35%
Brianna MahonWhiplash
35%
George BalhanAn Escalade
30%
Joe SylvesterBad Habit
30%
Colt Stephens,
Frank Krmel,
Marc McDonald,
Neil Elliott
Fox Sports 1 Cleatus
30%
Cynthia GauthierLucas Oil Stabilizer
30%
Dustin BrownMonster Mutt Junkyard Dog
30%
Colt Stephens,
Travis Groth
N.E.A. Police
30%
Cam McQueen,
Travis Pastrana
Nitro Circus
30%
Buddy Tompkins,
JR McNeal
Razin Kane
30%
Bobby Parr,
Frank Krmel,
Kathy Winston
Team Suzuki
30%
Charlie PaukenWCW Nitro Machine
30%
Rosalee RamerWild Flower
30%
Collete DavisWonder Woman
30%
Joe CypherAirborne Ranger
25%
Jon ZimmerAmsoil Shock Therapy
25%
Devin JonesBarbarian
25%
JP RuggieroEl Diablo
25%
Brian BarthelLittle Tiger
25%
Rob KnellNWO
25%
Eric SwansonObsessed
25%
Carl Van Horn,
Chad Fortune,
Frank Krmel
Power Forward
25%
Jim JackReptoid
25%
Marc McDonaldSafe Auto Minimizer
25%
Ryan DisharoonSaigon Shaker
25%
John SeasockSudden Impact
25%
Andrew Peckham,
Dan Rodoni
The Patriot
25%
JR McNealThe Xtermigator
25%
Steve KoehlerWrecking Crew
25%
Lee O'DonnellZombie Hunter
25%
Travis GrothCaptain USA
20%
Greg WichenbachCrushstation
20%
Scott LiddycoatDragon's Breath
20%
Carl Van HornFiremouth
20%
Daron BaslNitro Hornet
20%
Jill Canuso,
Lyle Hancock
Wrenchead.com
20%
Steven ThompsonHurricane Force
15%
Pablo HuffakerRagin' Steel
15%
Zane RettewStinger
15%
Randy MooreWar Wizard
15%
Frank KrmelDel Scorcho
10%
Derick AnsonHeavy Hitter
10%
Kathy WinstonSoBe
10%
Travis GrothTrouble Maker
10%
Randy BrownMan Of Steel
5%

Score Distribution

Percentile by Number Answered

Percent of People with Each Score

Your Score History

You have not taken this quiz